[Event "XXXI Open"]
[Site "Mar del Plata ARG"]
[Date "2000.04.16"]
[Round "2"]
[White "Acosta,M ARG"]
[Black "Diaz,Nah"]
[Result "0-1"]
[WhiteElo "2145"]
[BlackElo "2357"]

1.Nf3 Nf6 2.d4 e6 3.c4 b6 4.a3 Bb7 5.Nc3 d5 6.Bg5 Be7 7.e3 O-O 8.cxd5 exd5
9.Rc1 Nbd7 10.Bd3 h6 11.Bh4 Ne4 12.Bxe7 Qxe7 13.O-O c5 14.dxc5 bxc5 15.Bb1 Ndf6
16.Qa4 Rfd8 17.Rfd1 Ng4 18.Rc2 Rab8 19.h3 Ngxf2 20.Rxf2 Nxf2 21.Kxf2 d4 22.Nxd4 cxd4
23.Rxd4 Rxd4 24.Qxd4 Rd8 25.Qxa7 Qf6+ 26.Kg1 Bxg2 27.Kxg2 Rd2+ 28.Kg3 Qf2+
29.Kg4 Qg2+ 30.Kf4 Qg5+ 31.Kf3 Qh5+ 32.Kg3 Qe5+ 33.Kf3 Qf6+ 34.Kg3 Qf2+ 35.Kg4 h5+
36.Kxh5 Qf3+ 37.Kh4 g5+ 38.Kxg5 Rg2+  0-1

[Event "Julian Borowski B"]
[Site "Essen GER"]
[Date "2000.04.27"]
[Round "1"]
[White "Fridman,D"]
[Black "Romanishin,O"]
[Result "1/2-1/2"]
[WhiteElo "2539"]
[BlackElo "2578"]

1.d4 Nf6 2.c4 e6 3.Nf3 b6 4.a3 Bb7 5.Nc3 Ne4 6.Nxe4 Bxe4 7.Bg5 Be7 8.Bxe7 Qxe7
9.e3 d6 10.Be2 Nd7 11.O-O e5 12.Nd2 Bb7 13.Bg4 O-O 14.Qc2 a5 15.Bf3 Bxf3
16.Nxf3 a4 17.Rad1 Rfe8 18.dxe5 dxe5 19.Ng5 e4 20.Nxe4 Qxe4 21.Qxe4 Rxe4
22.Rxd7 Rxc4 23.Rfd1 g6 24.Kf1 Ra5 25.R1d4 Rxd4 26.Rxd4 Rb5 27.Rxa4 Rxb2
28.Ra7 Rc2 29.a4 Rc5 30.Ra8+ Kg7 31.Ke2 Kf6 32.Kd3 h5 33.e4 Ke7 34.f4 Rc1
35.a5 Rd1+ 36.Ke3 Re1+ 37.Kf3 Ra1 38.Ra7 Ra3+ 39.Kf2 bxa5 40.Rxc7+ Ke6 41.Ra7 a4
42.Ra6+ Ke7  1/2-1/2

[Event "Open"]
[Site "Dubai UAE"]
[Date "2000.04.28"]
[Round "1"]
[White "Khalid AlShaali"]
[Black "Sorokin,M"]
[Result "0-1"]
[WhiteElo "2178"]
[BlackElo "2572"]

1.d4 Nf6 2.Nf3 e6 3.c4 b6 4.a3 Bb7 5.Nc3 g6 6.Bg5 Bg7 7.e3 d6 8.Be2 h6 9.Bh4 Nbd7
10.Qa4 O-O 11.O-O Qe7 12.Rfd1 g5 13.Bg3 Nh5 14.Nd2 Nxg3 15.hxg3 c5 16.Bf3 cxd4
17.exd4 Bxd4 18.c5 Bxf3 19.cxd6 Bxd1 20.Qxd4 Qf6 21.Qxf6 Nxf6 22.Rxd1 Rac8
23.Nf3 Rc5 24.Rd3 Rd8 25.b4 Rc6 26.Nb5 Rc1+  0-1

[Event "Open"]
[Site "Dubai UAE"]
[Date "2000.04.29"]
[Round "2"]
[White "Bagirov,R"]
[Black "Shariyazdanov,A"]
[Result "1/2-1/2"]
[WhiteElo "2481"]
[BlackElo "2612"]

1.d4 Nf6 2.c4 e6 3.Nf3 b6 4.a3 Ba6 5.Qc2 Bb7 6.Nc3 c5 7.e4 cxd4 8.Nxd4 d6
9.Be2 Be7 10.O-O O-O 11.Rd1 Nbd7 12.Be3 a6 13.f3 Qc7 14.Rac1 Rfc8 15.Bf1 Rab8
16.Qf2 Ba8 17.b4 Ne5 18.Na4 Nfd7 19.Nb3 Qd8 20.h3 Bf8 21.Nd4 Qe8 22.Nb2 Nf6
23.Nb3 Ned7 24.Bf4 e5 25.Be3 Qe6 26.Rd3 b5 27.Na5 bxc4 28.Nbxc4 Re8 29.Rdd1 d5
30.exd5 Nxd5 31.Nd2 Qg6 32.Ne4 N7f6 33.Bd3 Nxe4 34.Bxe4 Qe6 35.Bc5 Nf4 36.Bxf8 Rxf8
37.Bxa8 Rxa8 38.Rc6 Qf5 39.Kh2 h5 40.Nb3 Rfd8 41.Rcd6 Rxd6 42.Rxd6 Rc8 43.Nc5 a5
44.b5 Nxg2 45.Kxg2 Qg5+ 46.Kh2 Qf4+ 47.Kg2 Qg5+  1/2-1/2

[Event "Open"]
[Site "Dubai UAE"]
[Date "2000.05.02"]
[Round "5"]
[White "Bagirov,R"]
[Black "Sakaev,K"]
[Result "1/2-1/2"]
[WhiteElo "2481"]
[BlackElo "2629"]

1.d4 Nf6 2.c4 e6 3.Nf3 b6 4.a3 Ba6 5.Qc2 c5 6.d5 exd5 7.cxd5 g6 8.Nc3 Bg7
9.g3 O-O 10.Bg2 b5 11.O-O d6 12.b4 Nbd7 13.bxc5 dxc5 14.Bb2 Re8 15.Rfe1 Nb6
16.Nd2 Rc8 17.Rad1 b4 18.Nce4 Nxe4 19.Nxe4 Bxb2 20.Qxb2 Rxe4 21.Bxe4 Nc4
22.Qb3 Nxa3 23.d6 Qd7 24.h4 Bc4 25.Qf3 Nb5 26.Bc6 Qe6 27.d7 Rd8 28.e3 Nc3
29.Rd2 a6 30.h5 g5 31.h6 Kf8 32.Ra1 Qe5 33.Ra5 Ke7 34.e4 b3 35.Qe3 Bb5 36.Bd5 Rxd7
37.Bxb3 Rxd2 38.Qxd2 Ne2+ 39.Kh2 g4 40.Qd5 Qxd5 41.exd5 Nd4  1/2-1/2

[Event "New York Open"]
[Site "New York USA"]
[Date "2000.05.05"]
[Round "2"]
[White "Fedorowicz,J"]
[Black "Hentunen,A"]
[Result "1-0"]
[WhiteElo "2540"]
[BlackElo "2332"]

1.d4 Nf6 2.Nf3 e6 3.c4 b6 4.a3 Ba6 5.Qc2 c5 6.d5 exd5 7.cxd5 Bb7 8.e4 Qe7
9.Bd3 Nxd5 10.O-O Nc7 11.Bg5 f6 12.Bh4 g5 13.Bg3 d6 14.Nc3 Nd7 15.Nd5 Nxd5
16.exd5 Ne5 17.Bb5+ Kd8 18.Nxe5 fxe5 19.b4 Rc8 20.Qa4 Qc7 21.Rac1 a6 22.Bxa6 Ra8
23.b5 Qc8 24.Qe4 Bxa6 25.bxa6 Rxa6 26.h4 Be7 27.hxg5 Bxg5 28.Rc3 Qd7 29.Rb1 Kc7
30.Bxe5 Rha8 31.Rcb3 Qe7 32.f4 Bf6 33.Rh3 Rh8 34.Qd3 Kb7 35.Bxf6 Qxf6 36.Rxh7+ Rxh7
37.Qxh7+ Ka8 38.Re1 Qf8 39.Qd7  1-0

[Event "Cat IV Women"]
[Site "Banja Dvorovi YUG"]
[Date "2000.05.06"]
[Round "1"]
[White "Stoisavljevic,S"]
[Black "Dojkova,G"]
[Result "1/2-1/2"]
[WhiteElo "2088"]
[BlackElo "2087"]

1.d4 e6 2.c4 Nf6 3.Nf3 b6 4.a3 Be7 5.Nc3 Bb7 6.Qc2 c5 7.e4 cxd4 8.Nxd4 d6
9.Be2 O-O 10.O-O Nbd7 11.f4 Rc8 12.b3 Nc5 13.Bf3 d5 14.exd5 exd5 15.Rd1 Ne6
16.Nf5 Nc7 17.Kh1 Re8 18.Qb2 Bf8 19.Qf2 g6 20.Ne3 Bg7 21.Bb2 Qe7 22.Ncxd5 Ncxd5
23.Nxd5 Nxd5 24.Bxd5 Bxb2 25.Qxb2 Bxd5 26.cxd5 Rcd8 27.Qd2 Qe3 28.b4 Kf8
29.h3 Rd6 30.Qd4 Qxd4 31.Rxd4 Re2 32.Rc1 Ra2 33.Rc8+ Ke7 34.Rc7+ Rd7 35.Rc3 Ra1+
36.Kh2 Kd6 37.Rc6+ Ke7 38.Rd3 Ra2 39.Kg3 h5 40.Kf3 Ra1 41.Ke3 Re1+ 42.Kf2 Ra1
43.Kf3 Rf1+ 44.Ke3 Rg1 45.Kf2 Ra1 46.g4 hxg4 47.hxg4 Ra2+ 48.Kf3 Ra1 49.Rc8 Rf1+
50.Ke3 Kd6 51.Rc6+ Ke7 52.Ke4 Re1+ 53.Kd4 Rf1 54.Re3+ Kd8 55.Ke5 Re7+ 56.Kd4 Rxf4+
57.Kd3 Rxe3+ 58.Kxe3 Rxg4 59.d6 f5 60.Rc7 Re4+ 61.Kd3 Re6 62.Rxa7 Rxd6+ 63.Ke3 g5
64.Rf7 Re6+ 65.Kd4 f4 66.Rg7 Re3 67.Rxg5 Rxa3 68.Rf5 f3  1/2-1/2

[Event "FSIM May"]
[Site "Budapest HUN"]
[Date "2000.05.06"]
[Round "1"]
[White "Straub,P"]
[Black "Vadasz,L"]
[Result "0-1"]
[WhiteElo "2126"]
[BlackElo "2285"]

1.d4 Nf6 2.c4 e6 3.Nf3 b6 4.a3 Bb7 5.Nc3 d5 6.cxd5 Nxd5 7.Qc2 Nxc3 8.bxc3 Be7
9.Bf4 O-O 10.e3 Nd7 11.Bd3 h6 12.O-O c5 13.Qe2 Nf6 14.e4 Rc8 15.Rfc1 cxd4
16.cxd4 Rxc1+ 17.Bxc1 Qa8 18.Nd2 a6 19.f3 b5 20.Nb3 Rc8 21.Bb2 Qa7 22.Kh1 Qb6
23.Rc1 Rxc1+ 24.Bxc1 Nd7 25.d5 exd5 26.exd5 Qd8 27.Nd4 Bxd5 28.Nf5 Bf8 29.h3 Nc5
30.Bb1 Bc4 31.Qc2 Bd3 32.Qd1 Qd7  0-1

[Event "Kastav"]
[Site "Opatija CRO"]
[Date "2000.05.13"]
[Round "9"]
[White "Jovanic,O"]
[Black "Kiss,At"]
[Result "1/2-1/2"]
[WhiteElo "2332"]
[BlackElo "2326"]

1.d4 Nf6 2.Nf3 e6 3.c4 b6 4.a3 Bb7 5.Nc3 d5 6.Bg5 Be7 7.e3 O-O 8.Rc1 Nbd7
9.cxd5 exd5 10.Bd3 Ne4 11.Bf4 c5 12.O-O Rc8 13.dxc5 bxc5 14.Qa4 Nxc3 15.Rxc3 d4
16.exd4 Bxf3 17.gxf3 Nb6 18.Qxa7 Nd5 19.Be3 Nxc3 20.bxc3 Bd6 21.Bf5 Rc7 22.Qb6 cxd4
23.Qxd4 Qe7 24.a4 Ra8 25.Rd1 Bc5 26.Qe4 Qxe4 27.Bxe4 Re8 28.a5 Bxe3 29.fxe3 Ra7
30.Rd5 g6 31.Rb5 Rc8 32.Bb7 Rxc3 33.Kf2 Ra3 34.a6 Kf8 35.e4 R3xa6 36.Bxa6  1/2-1/2

[Event "Open"]
[Site "Pula CRO"]
[Date "2000.05.20"]
[Round "5"]
[White "Soln,P"]
[Black "Bistric,F"]
[Result "1-0"]
[WhiteElo "2382"]
[BlackElo "2474"]

1.d4 Nf6 2.c4 e6 3.Nf3 b6 4.a3 Bb7 5.Nc3 d5 6.cxd5 Nxd5 7.Bd2 Nd7 8.Qc2 c5
9.e4 N5f6 10.Rd1 cxd4 11.Nxd4 a6 12.f3 Qc7 13.Be3 Bd6 14.g3 h5 15.Qd2 Be5
16.Bg2 h4 17.f4 Bxd4 18.Qxd4 O-O-O 19.Na4 Kb8 20.O-O hxg3 21.hxg3 Ng4 22.Nxb6 Nde5
23.Nd5 Nxe3 24.Qxe3 Ng4 25.Qd4 exd5 26.exd5 Qd6 27.Rc1 Qh6 28.Rfd1 Qh2+ 29.Kf1 Qxg3
30.Rd3 Qh4 31.Rh3 Qf6 32.Qxf6 Nxf6 33.Rb3 Rc8 34.Rd1 Rc2 35.Kg1 Rh4 36.Bf3 Rxf4
37.Rb1 Rxf3 38.Rxf3  1-0

[Event "ch-IND"]
[Site "Mumbai IND"]
[Date "2000.05.25"]
[Round "9"]
[White "Prakash,G"]
[Black "Ravi,T"]
[Result "1-0"]
[WhiteElo "2435"]
[BlackElo "2373"]

1.d4 Nf6 2.c4 e6 3.Nf3 b6 4.a3 Ba6 5.Qc2 Bb7 6.Nc3 c5 7.e4 cxd4 8.Nxd4 d6
9.Be2 Nbd7 10.O-O Be7 11.Rd1 a6 12.Be3 O-O 13.f3 Rc8 14.Qb3 Qc7 15.Rac1 Kh8
16.Qa2 Rg8 17.b4 g5 18.h3 Ne8 19.Na4 Rg6 20.Nb3 h5 21.c5 bxc5 22.bxc5 d5
23.c6 Bxc6 24.Nd4 Qb7 25.Nxc6 Rxc6 26.Rb1 Qc8 27.exd5 exd5 28.Qxd5 Rge6 29.Rbc1 Ne5
30.Rxc6 Qxc6 31.Qxc6 Nxc6 32.Kf2 g4 33.Bc4 Rd6 34.Rxd6 Nxd6 35.Bxa6 Nf5 36.Bc5 Bh4+
37.Kg1 gxf3 38.gxf3 Ne5 39.Be2 Be1 40.Nb2 Bc3 41.Nd1 Ba5 42.Ne3 Nh4 43.Kf2 Bd8
44.f4 Neg6 45.Nd5 Nf5 46.Bxh5 Kg7 47.a4 Nfe7 48.Nxe7 Nxf4 49.Bd4+ Kh6 50.Nc6 Bh4+
51.Kf3 Nxh5 52.a5 Bf6 53.a6  1-0

[Event "Kaissa CC"]
[Site "Kharkov UKR"]
[Date "2000.05.29"]
[Round "2"]
[White "Gnidash,A"]
[Black "Tomashevsky,E2"]
[Result "0-1"]
[WhiteElo "2254"]
[BlackElo "2348"]

1.d4 Nf6 2.c4 e6 3.Nf3 b6 4.a3 Bb7 5.Nc3 d5 6.cxd5 Nxd5 7.e3 Be7 8.Bd3 Nd7
9.e4 Nxc3 10.bxc3 c5 11.O-O O-O 12.Qe2 Rc8 13.e5 cxd4 14.cxd4 Nb8 15.Bb2 Qd5
16.Rfe1 Rfd8 17.Rad1 Qb3 18.h4 Bd5 19.Bb1 Bxf3 20.gxf3 Bxa3 21.Bxa3 Qxa3
22.Qe4 g6 23.d5 Rxd5 24.Rxd5 exd5 25.Qxd5 Qc5 26.Qb7 Qc7 27.Qe4 Qc6 28.Qf4 Qc3
29.Rd1 Qb3 30.Re1 Nd7 31.e6 fxe6 32.Qd2 Nf8 33.Kg2 Qc3 34.Qe2 Qc4 35.Qd2 Qxh4
36.Ba2 Rc5 37.Re3 Qg5+ 38.Kf1 Re5 39.Qd3 Rxe3 40.fxe3 Qc5 41.Bb3 b5 42.Kg2 a5
43.f4 a4 44.Ba2 b4 45.Bc4 b3 46.Qc3  0-1

[Event "Bank Pocztowy Open"]
[Site "Bydgoszcz POL"]
[Date "2000.06.03"]
[Round "6"]
[White "Rustemov,A"]
[Black "Borchardt,A"]
[Result "1-0"]
[WhiteElo "2553"]
[BlackElo "2009"]

1.d4 Nf6 2.Nf3 e6 3.c4 b6 4.a3 Bb7 5.Nc3 d5 6.cxd5 Nxd5 7.Qc2 Be7 8.e4 Nxc3
9.bxc3 Nd7 10.Bd3 c5 11.O-O h6 12.Rd1 Qc7 13.Bb5 Bc6 14.Bf4 Qb7 15.Bxc6 Qxc6
16.d5 exd5 17.exd5 Qf6 18.Qe4 Qg6 19.Qa4 Kd8 20.Ne5 Nxe5 21.Bxe5 Qf5 22.d6 Bf6
23.Bxf6+ Qxf6 24.Qc6 Rc8 25.Qb7 Qe6 26.d7  1-0

[Event "Open Victor Syre Mem"]
[Site "Issy Les Moulineaux FRA"]
[Date "2000.06.04"]
[Round "6"]
[White "Giffard,N"]
[Black "Solozhenkin,E"]
[Result "0-1"]
[WhiteElo "2364"]
[BlackElo "2528"]

1.Nf3 Nf6 2.d4 e6 3.c4 b6 4.a3 Ba6 5.Qa4 Bb7 6.Nc3 c5 7.d5 exd5 8.cxd5 Nxd5
9.Nxd5 Bxd5 10.e4 Be6 11.Ng5 Be7 12.Nxe6 fxe6 13.Bc4 a6 14.Qd1 Nc6 15.f4 b5
16.Ba2 c4 17.O-O d5 18.Qg4 Qd7 19.Kh1 g6 20.Bd2 d4 21.Rad1 e5 22.f5 Bd6 23.Qh4 gxf5
24.exf5 Qf7 25.Qe4 Kd7 26.Rf3 Rac8 27.Bh6 Kc7 28.Rh3 Ne7 29.Bb1 d3 30.Rf1 Qd5
31.Qg4 Rhg8 32.Bg5 d2 33.Bc2 Rxg5 34.Qe2 Rcg8 35.Be4 Qd4 36.f6 Nd5 37.Rxh7+ Kb6
38.f7 Rf8 39.Rd1 Bc5 40.h4 Rg3 41.Bf3 Rxf7  0-1

[Event "zt 1.9"]
[Site "Ordzhonikidze UKR"]
[Date "2000.06.09"]
[Round "1"]
[White "Malakhatko,V"]
[Black "Rogovski,V"]
[Result "1-0"]
[WhiteElo "2568"]
[BlackElo "2466"]

1.d4 Nf6 2.c4 e6 3.Nf3 b6 4.a3 Bb7 5.Nc3 d5 6.cxd5 exd5 7.Qa4+ c6 8.Bg5 Be7
9.e3 O-O 10.Bd3 Nbd7 11.O-O c5 12.Rfd1 a6 13.dxc5 bxc5 14.Bf5 h6 15.Bh4 Nb6
16.Qc2 Nh5 17.Bxe7 Qxe7 18.Ne2 Nf6 19.Rac1 Nc4 20.Ng3 Rab8 21.Bd3 Rfc8 22.Nf5 Qc7
23.Bxc4 dxc4 24.Nd6 Rd8 25.Nxb7 Qxb7 26.Rxd8+ Rxd8 27.Nd2 Ng4 28.Nxc4 Qc7
29.g3 Rd5 30.Qe2 h5 31.h3 Nf6 32.e4 Qe7 33.e5 Nd7 34.f4 h4 35.Ne3 Rd4 36.Nf5 Qe6
37.Nxd4 cxd4 38.Rd1 Qxh3 39.Qg2 Qg4 40.Rxd4 hxg3 41.Qe4 Qh4 42.Qh1 Qe7 43.Qh3 Nf8
44.Qxg3 Qc5 45.Qc3 Qb6 46.f5 g6 47.Qe3 Qc6 48.f6 Qb6 49.Rd3 Qxb2 50.Rd8 Qb1+
51.Kg2 Qc2+ 52.Kg3 Qf5 53.Qc5 Qg5+ 54.Kf3 Qh5+ 55.Ke3 Qh6+ 56.Kd3 Qh3+ 57.Kc2 Qh2+
58.Kb3 Qh6 59.Ka4 g5 60.Qb4 g4 61.Qxg4+ Kh7 62.Rd3  1-0

[Event "zt 1.9"]
[Site "Ordzhonikidze UKR"]
[Date "2000.06.09"]
[Round "1"]
[White "Eingorn,V"]
[Black "Brodsky,M"]
[Result "1/2-1/2"]
[WhiteElo "2597"]
[BlackElo "2514"]

1.d4 Nf6 2.Nf3 e6 3.c4 b6 4.a3 Bb7 5.Nc3 d5 6.Qa4+ Bc6 7.Qb3 dxc4 8.Qxc4 Be7
9.Bf4 a6 10.e3 b5 11.Qd3 Nbd7 12.Be2 Qb8 13.O-O Qb7 14.Rfc1 O-O 15.Ne5 Nxe5
16.Bxe5 Nd7 17.Bg3 Bd6 18.e4 Nb6 19.Bf3 Bxg3 20.hxg3 Rfd8 21.Ne2 Rac8 22.Qc2 Nc4
23.b3 Na5 24.Rab1 Qb6 25.Rb2 Be8 26.e5 f6 27.exf6 gxf6 28.Be4 Kg7 29.Qc3 Bg6
30.Qe3 e5 31.Bxg6 hxg6 32.Rd2 Nc6 33.Rcd1 Re8 34.Qc3 exd4 35.Nxd4 Ne5 36.Nf3 Nxf3+
37.gxf3 Re7 38.Rd7 Qe6 39.Rxe7+ Qxe7 40.Qc6 Rd8 41.Rc1 Rd3 42.Qb7 Rc3 43.Rd1 Qe2
44.Rd7+ Kh6 45.Rxc7 Rxc7  1/2-1/2

[Event "IM"]
[Site "Stockholm SWE"]
[Date "2000.06.11"]
[Round "2"]
[White "Dzevlan,M"]
[Black "Nilssen,J"]
[Result "1-0"]
[WhiteElo "2414"]
[BlackElo "2339"]

1.d4 Nf6 2.c4 e6 3.Nf3 b6 4.a3 Ba6 5.Qc2 Bb7 6.Nc3 c5 7.dxc5 Bxc5 8.Bg5 Be7
9.e4 d6 10.Be2 a6 11.O-O Nbd7 12.Rfd1 Qc7 13.Rac1 O-O 14.h3 Rac8 15.Bf4 Rfd8
16.Qb1 Ne5 17.Nd2 Ng6 18.Be3 Nd7 19.Bf1 Qb8 20.a4 h6 21.a5 Bg5 22.Bxg5 hxg5
23.axb6 Nxb6 24.b3 Ne5 25.Be2 Nbd7 26.b4 Qa7 27.Qa2 Nc6 28.Rb1 Nde5 29.Na4 Nd4
30.Bf1 g4 31.hxg4 Nxg4 32.c5 dxc5 33.Nxc5 Qb8 34.g3 Ne3 35.Re1 Nxf1 36.Kxf1 Bc6
37.Kg2 Bb5 38.Rh1 Qe5 39.Rh4 Nc6 40.Rbh1 Kf8 41.Nf3 Qc3 42.Nxe6+ fxe6 43.Rf4+ Ke7
44.Ng5 Bc4 45.Rf7+ Kd6 46.Rd1+ Nd4 47.Qa5 Bd5 48.exd5  1-0

[Event "TCh-POR"]
[Site "Aveiro POR"]
[Date "2000.06.12"]
[Round "2"]
[White "Santos,CP"]
[Black "Morais,V"]
[Result "1-0"]
[WhiteElo "2379"]
[BlackElo "2156"]

1.d4 Nf6 2.Nf3 b6 3.c4 e6 4.a3 Bb7 5.Nc3 Ne4 6.Nxe4 Bxe4 7.e3 Be7 8.Bd3 Bxd3
9.Qxd3 O-O 10.Bd2 d6 11.O-O Nd7 12.Rfd1 f5 13.Rac1 Qe8 14.b4 c5 15.Bc3 Rd8
16.Qc2 Bf6 17.Kf1 Rc8 18.dxc5 dxc5 19.Qa4 Rc7 20.Bxf6 gxf6 21.Rd6 cxb4 22.axb4 Qc8
23.Qb3 Re8 24.Nd4 Nf8 25.Nb5 Rg7 26.c5 bxc5 27.bxc5 a6 28.Nd4 Rc7 29.Qc4 Kh8
30.Qxa6 Rxc5 31.Qxc8 Rexc8 32.Rxc5 Rxc5 33.Nxe6 Nxe6 34.Rxe6 Kg7 35.Ke2 Rc4
36.Kf3 Kg6 37.Rd6 Rc2 38.Rd4 Ra2 39.g4 fxg4+ 40.Rxg4+ Kf7 41.Rb4 Kg6 42.Rb5 Rc2
43.Kg3 Ra2 44.e4 Ra3+ 45.f3 Ra1 46.Rb6 Ra5 47.f4 Kg7 48.Rb7+ Kg8 49.Kg4 Rc5
50.Rd7 Ra5 51.Rd5 Ra7 52.Kf5 Kf7 53.Rb5 Rc7 54.Ra5 Rb7 55.h4 Kg7 56.h5 h6
57.Ra6 Rb5+ 58.Ke6 Rxh5 59.Ra7+ Kg6 60.Rf7 Ra5 61.Rxf6+ Kg7 62.Rf7+ Kg8 63.Rd7 h5
64.Rd5 Ra6+ 65.Ke7 Ra7+ 66.Kf6 h4 67.Rd3 Ra4 68.Kf5  1-0

[Event "zt 1.9"]
[Site "Ordzhonikidze UKR"]
[Date "2000.06.12"]
[Round "4"]
[White "Malakhatko,V"]
[Black "Romanishin,O"]
[Result "1/2-1/2"]
[WhiteElo "2568"]
[BlackElo "2578"]

1.d4 Nf6 2.c4 e6 3.Nf3 b6 4.a3 Bb7 5.Nc3 Ne4 6.Nxe4 Bxe4 7.e3 Be7 8.Bd3 Bxd3
9.Qxd3 a5 10.e4 d6 11.b3 Nd7 12.O-O O-O 13.Be3 Qc8 14.d5 Bf6 15.Rab1 Re8
16.Qc2 Qb7 17.Rfe1 c5 18.Bf4 e5 19.Be3 Rec8 20.Qe2 Rab8 21.Nd2 Qa6 22.b4 cxb4
23.axb4 axb4 24.Rxb4 Ra8 25.Qg4 Qa7 26.Reb1 Bd8 27.h4 Qc7 28.h5 Rcb8 29.Nf1 Nf6
30.Qf3 Ra6 31.Ng3 g6 32.Qe2 Qc8 33.hxg6 hxg6 34.f4 exf4 35.Bxf4 Be7 36.Be3 Qg4
37.Qf3 Qxf3 38.gxf3 Nd7 39.Ne2 Ra3 40.R1b3 Ra1+ 41.Kg2 Ra2 42.Rb2 Rxb2 43.Rxb2 Ne5
44.Rxb6 Rxb6  1/2-1/2

[Event "zt 2.4"]
[Site "Sao Paulo BRA"]
[Date "2000.06.13"]
[Round "9"]
[White "Leitao,R"]
[Black "Ramos,Er"]
[Result "1-0"]
[WhiteElo "2565"]
[BlackElo "2280"]

1.d4 Nf6 2.c4 e6 3.Nf3 b6 4.a3 Bb7 5.Nc3 Be7 6.d5 d6 7.e4 O-O 8.Be2 c5 9.O-O e5
10.Ne1 Nbd7 11.Nd3 Ne8 12.g3 Bf6 13.Be3 Ba6 14.b3 g6 15.Qd2 Bg7 16.Rae1 f5
17.f4 Bc8 18.exf5 gxf5 19.fxe5 Nxe5 20.Bh6 a6 21.Bxg7 Nxg7 22.Nxe5 dxe5 23.Bd3 e4
24.Bc2 Ra7 25.Qe3 Raf7 26.Ne2 Qd6 27.Nf4 Qe5 28.Rf2 Bd7 29.Rd2 Ne8 30.b4 Nf6
31.Bd1 Qd6 32.bxc5 bxc5 33.Rb2 Rg7 34.Rf1 Qe5 35.Rd2 Qd6 36.Rb2 Bc8 37.Rb3 Bd7
38.Be2 Kh8 39.Kh1 Rfg8 40.Rfb1 Qe5 41.Qxc5 Ba4 42.Re3 Bc2 43.Rf1 Rb7 44.Qa5 Rb2
45.Qc3 Qxc3 46.Rxc3 Bb3 47.Kg1 Nd7 48.c5 Bxd5 49.Nxd5 Rxe2 50.c6 Ne5 51.c7 Rc8
52.Ne7 Nf3+ 53.Rfxf3  1-0

[Event "Balatontourist Open"]
[Site "Budapest HUN"]
[Date "2000.06.17"]
[Round "2"]
[White "Timar,Z"]
[Black "Bodrogi,L"]
[Result "1-0"]
[WhiteElo "2169"]
[BlackElo "2101"]

1.d4 Nf6 2.c4 e6 3.Nf3 b6 4.a3 Ba6 5.Qc2 Bb7 6.Nc3 d5 7.cxd5 exd5 8.g3 Bd6
9.Bg2 O-O 10.O-O Re8 11.Rd1 Nbd7 12.b4 Nf8 13.e3 Ng6 14.Bb2 a6 15.Rac1 h5
16.Ne2 h4 17.Ne5 hxg3 18.hxg3 Ne4 19.Bxe4 dxe4 20.Nxg6 fxg6 21.Qc4+ Kh7 22.Kg2 g5
23.Qf7  1-0

[Event "VII Open"]
[Site "Linares CHI"]
[Date "2000.06.25"]
[Round "5"]
[White "Toloza,P"]
[Black "Zarnicki,P"]
[Result "0-1"]
[WhiteElo "2347"]
[BlackElo "2498"]

1.d4 Nf6 2.c4 e6 3.Nf3 b6 4.a3 Ba6 5.Qc2 Bb7 6.Nc3 c5 7.e4 cxd4 8.Nxd4 Bc5
9.Nb3 Nc6 10.Qd1 Be7 11.Bf4 O-O 12.Be2 Rc8 13.O-O d6 14.Rc1 Ne5 15.Nd2 Qc7
16.Re1 Rfd8 17.Bf1 Qb8 18.h3 Qa8 19.b4 Kh8 20.Qb3 Rg8 21.Rcd1 g5 22.Bxe5 dxe5
23.Nf3 Qb8 24.Qb2 g4 25.hxg4 Rxg4 26.Nb5 a6 27.Nxe5 Rg7 28.Nd7 Qf4 29.Nd6 Bxd6
30.Rxd6 Ng4  0-1

[Event "XVIII Open"]
[Site "Andorra AND"]
[Date "2000.06.29"]
[Round "6"]
[White "Kuzmin,A"]
[Black "Psakhis,L"]
[Result "0-1"]
[WhiteElo "2587"]
[BlackElo "2599"]

1.d4 e6 2.c4 Nf6 3.Nf3 b6 4.a3 Bb7 5.Nc3 d5 6.Bg5 Be7 7.e3 O-O 8.Rc1 Nbd7
9.cxd5 exd5 10.Bd3 c5 11.O-O h6 12.Bh4 Ne4 13.Bxe7 Qxe7 14.dxc5 Nxc3 15.Rxc3 bxc5
16.Bf5 Nf6 17.Qa4 g6 18.Bb1 a5 19.Rfc1 Rfc8 20.h3 Kg7 21.b3 d4 22.exd4 Bc6
23.Qc4 Bxf3 24.gxf3 cxd4 25.Qxd4 Rxc3 26.Qxc3 Qxa3 27.Be4 Rb8 28.Ra1 Qxb3
29.Qxb3 Rxb3 30.Rxa5 Nxe4 31.fxe4 Rxh3 32.Kg2 Rd3 33.f3 h5 34.Kg3 Kf6 35.Ra6+ Ke5
36.Ra5+ Ke6 37.Ra6+ Ke5 38.Ra5+ Ke6 39.Ra6+ Rd6 40.Ra8 Rb6 41.Re8+ Kf6 42.e5+ Kg7
43.Kf4 Rb4+ 44.Kg5 Rb2 45.Kh4 Re2 46.f4 Re3 47.f5 Re4+ 48.Kg3 g5 49.Kh3 Rf4
50.f6+ Kg6 51.Rg8+ Kf5 52.Rg7 g4+ 53.Kg2 Ke6 54.Kg3 Rf5  0-1

[Event "White Nights Men"]
[Site "St Petersburg RUS"]
[Date "2000.06.30"]
[Round "7"]
[White "Bagirov,R"]
[Black "Bakre,T"]
[Result "1/2-1/2"]
[WhiteElo "2481"]
[BlackElo "2352"]

1.d4 Nf6 2.c4 e6 3.Nf3 b6 4.a3 Bb7 5.Nc3 d5 6.Bg5 Be7 7.Qc2 O-O 8.e3 Nbd7
9.cxd5 exd5 10.Bd3 c5 11.O-O Re8 12.Rad1 Ne4 13.Bxe7 Qxe7 14.dxc5 Ndxc5 15.Be2 Red8
16.Rc1 Rac8 17.Qd1 Nxc3 18.Rxc3 Ne4 19.Rxc8 Rxc8 20.Nd4 g6 21.g3 Qc5 22.Qa4 a5
23.Kg2 Nf6 24.Rd1 Kg7 25.Bf3 Qc4 26.b4 axb4 27.Qxb4 Qxb4 28.axb4 h5 29.Nb5 Rd8
30.Ra1 Ra8 31.Rc1 Rc8 32.Rxc8 Bxc8 33.Nc3 Bb7 34.Na4 Nd7 35.Kf1 f5 36.Be2 Bc6
37.b5 Bb7 38.Ke1 Kf6 39.Kd2 Ke5 40.f4+ Kd6 41.Bd1 Kc7 42.Kc3 Nc5 43.Nb2 Kd6
44.Kb4 Bc8 45.Be2 Bd7 46.Nd1 Be8 47.Nf2 Bd7 48.Nh3 Ne6 49.Nf2 Nc5 50.Bd3 Be8
51.Bc2 Bd7 52.Nh3 Be8 53.Ng5 Ke7 54.Nf3 Kd6  1/2-1/2

[Event "6th Tan Chin Nam Cup"]
[Site "Beijing CHN"]
[Date "2000.07.10"]
[Round "2"]
[White "Xu Jun"]
[Black "Adianto,U"]
[Result "1/2-1/2"]
[WhiteElo "2668"]
[BlackElo "2583"]

1.d4 Nf6 2.Nf3 e6 3.c4 b6 4.a3 Ba6 5.Qc2 Bb7 6.Nc3 c5 7.e4 cxd4 8.Nxd4 Bc5
9.Nb3 Nc6 10.Bg5 h6 11.Bh4 Nd4 12.Nxd4 Bxd4 13.Bd3 Qb8 14.Bg3  1/2-1/2

[Event "ch-SWE"]
[Site "Orebro SWE"]
[Date "2000.07.11"]
[Round "9"]
[White "Rylander,D"]
[Black "Agrest,E"]
[Result "1/2-1/2"]
[WhiteElo "2223"]
[BlackElo "2554"]

1.d4 Nf6 2.c4 e6 3.Nf3 b6 4.a3 Bb7 5.Nc3 g6 6.Bg5 Bg7 7.Qc2 h6 8.Bh4 d6 9.O-O-O Nbd7
10.d5 e5 11.Nd2 a6 12.f3 Qe7 13.Kb1 Rc8 14.Nde4 Nc5 15.Nxc5 bxc5 16.Ne4 g5
17.Be1 Nxe4 18.Qxe4 Rb8 19.g4 Bc8 20.Bc3 O-O 21.Bh3 Bd7 22.e3 Qe8 23.Rhg1 Qc8
24.Qc2 f5 25.gxf5 Bxf5 26.Bxf5 Qxf5 27.Rdf1 Rf7 28.h4 Qxc2+ 29.Kxc2 gxh4
30.Kd3 Kh7 31.Ke4 Rbf8 32.Rh1 Bf6 33.Be1 Rb8 34.Rf2 Bg5 35.Rg2 Rb3 36.Bc3 Rf8
37.Rh3 Rf7 38.Rh1 Rb8 39.Be1 Rb3 40.Bc3 Rb8 41.Be1 Rb3 42.Bc3  1/2-1/2

[Event "Chesswise International"]
[Site "Stratton Mountain USA"]
[Date "2000.07.12"]
[Round "4"]
[White "Atalik,S"]
[Black "Ehlvest,J"]
[Result "1/2-1/2"]
[WhiteElo "2549"]
[BlackElo "2627"]

1.d4 Nf6 2.c4 e6 3.Nf3 b6 4.a3 Bb7 5.Nc3 d5 6.cxd5 Nxd5 7.Qc2 Nxc3 8.Qxc3 Nd7
9.Bg5 Be7 10.Bxe7 Kxe7 11.g3 Rc8 12.Bg2 c5 13.Rd1 Nf6 14.dxc5  1/2-1/2

[Event "2nd ShakkiNet GM"]
[Site "Helsinki FIN"]
[Date "2000.07.15"]
[Round "6"]
[White "Gavrikov,Vi"]
[Black "Solozhenkin,E"]
[Result "1/2-1/2"]
[WhiteElo "2563"]
[BlackElo "2528"]

1.d4 Nf6 2.c4 e6 3.Nf3 b6 4.a3 Ba6 5.Qc2 Bb7 6.Nc3 c5 7.dxc5 Bxc5 8.Bg5 a6
9.Rd1 Be7 10.e4 Qc7 11.Be2 d6 12.O-O Nbd7 13.Rfe1 O-O 14.Qb1 Rfe8 15.Bf1 Rac8
16.h3 Qb8 17.Bf4 Nh5 18.Be3 Qa8 19.Bd4 Nhf6 20.Nd2 Bd8 21.b4 Bc7 22.Qb2 h6
23.Rc1 Bd8 24.Qb1 Bc7 25.Qa1 Bd8 26.Qb2 Bc7 27.Rb1 Bd8 28.Rbd1 Bc7 29.Rc1  1/2-1/2

[Event "ch-SWE"]
[Site "Orebro SWE"]
[Date "2000.07.15"]
[Round "13"]
[White "Barkhagen,J"]
[Black "Hellsten,J"]
[Result "1-0"]
[WhiteElo "2449"]
[BlackElo "2470"]

1.d4 Nf6 2.c4 e6 3.Nf3 b6 4.a3 Bb7 5.Nc3 d5 6.cxd5 exd5 7.Qa4+ c6 8.Bg5 Be7
9.e3 Nbd7 10.Bd3 O-O 11.O-O Re8 12.Rac1 a6 13.Bf5 c5 14.dxc5 Nxc5 15.Qd1 Nce4
16.Bf4 g6 17.Bh3 Bd6 18.Bxd6 Qxd6 19.Nxe4 Nxe4 20.Nd4 h5 21.g3 h4 22.gxh4 Qf6
23.Rc7 Qxh4 24.Qg4 Qxg4+ 25.Bxg4 Bc8 26.Bf3 Bh3 27.Bg2 Bxg2 28.Kxg2 Nd2 29.Rd1 Nc4
30.Nc6 Nxa3 31.bxa3  1-0

[Event "ch-SWE"]
[Site "Orebro SWE"]
[Date "2000.07.15"]
[Round "13"]
[White "Barkhagen,J"]
[Black "Hellsten,J"]
[Result "1-0"]
[WhiteElo "2449"]
[BlackElo "2470"]

1.d4 Nf6 2.c4 e6 3.Nf3 b6 4.a3 Bb7 5.Nc3 d5 6.cxd5 exd5 7.Qa4+ c6 8.Bg5 Be7
9.e3 Nbd7 10.Bd3 O-O 11.O-O Re8 12.Rac1 a6 13.Bf5 c5 14.dxc5 Nxc5 15.Qd1 Nce4
16.Bf4 g6 17.Bh3 Bd6 18.Bxd6 Qxd6 19.Nxe4 Nxe4 20.Nd4 h5 21.g3 h4 22.gxh4 Qf6
23.Rc7 Qxh4 24.Qg4 Qxg4+ 25.Bxg4 Bc8 26.Bf3 Bh3 27.Bg2 Bxg2 28.Kxg2 Nd2 29.Rd1 Nc4
30.Nc6 Nxb2 31.Rxd5 Re6 32.Rdd7 Rf6 33.Nd8 Kf8 34.Nxf7 Nd3 35.Nh6 Rxf2+ 36.Kg3  1-0

[Event "ch-Paris"]
[Site "Paris FRA"]
[Date "2000.07.19"]
[Round "5"]
[White "Royer,S"]
[Black "Mohebbi,J"]
[Result "1/2-1/2"]
[WhiteElo "2203"]
[BlackElo "2300"]

1.d4 Nf6 2.c4 e6 3.Nf3 b6 4.a3 Ba6 5.Qc2 Bb7 6.Nc3 c5 7.d5 exd5 8.cxd5 Nxd5
9.Nxd5 Bxd5 10.Bf4 Be7 11.e4 Be6 12.Rd1 O-O 13.h4 Nc6 14.Ba6 b5 15.Bb7 Na5
16.Bd5 Qb6 17.Ng5 Rae8 18.e5 Bxg5 19.hxg5 g6 20.Bxe6 Rxe6 21.Qd3 Qc6 22.Kf1 Nc4
23.Qh3 h5 24.gxh6 Kh7 25.Qc3 Rc8 26.Bg3 Nb6 27.Rh4 c4 28.Rf4 Rf8 29.Qb4 Qc8
30.Qxb5 c3 31.bxc3 Qxc3 32.Qb4 Qxb4 33.axb4 Kxh6 34.Ra1 g5 35.Rd4 Ra8 36.b5 Kg6  1/2-1/2